El abanderado

Furkejuvvon:
Bibliográfalaš dieđut
Váldodahkki: Heiremans Despouy, Luis Alberto (Dahkki)
Materiálatiipa: Girji
Giella:espánnjágiella
Almmustuhtton: Santiago Ercilla 1969
Preanttus:1a. ed
Ráidu:Cuadernos de Teatro, 4
Fáttát:
Fáddágilkorat: Lasit fáddágilkoriid
Eai fáddágilkorat, Lasit vuosttaš fáddágilkora!

MARC

LEADER 00000cam a2200000 a 4500
001 UCE0841
003 CL-VaPUC
008 140307e19690000cl |||||||||||||||||spa|d
082 0 4 |a Ch862  |b HEI  |2 21 
100 0 |a Heiremans Despouy, Luis Alberto  |e author  |9 319024 
245 1 3 |a El abanderado 
246 1 0 |a Versos de ciego 
250 |a 1a. ed 
300 |a 147 p 
942 |c BK 
945 |d 20140307 11:03:00  |a dcastane 
260 |a Santiago  |b Ercilla  |c 1969 
650 0 |a Dramas chilenos  |9 313819 
650 0 |a Teatro chileno  |9 266701 
583 |a last modification  |c 20140307 11:03:00  |k Rodrigo Vera 
490 0 |a Cuadernos de Teatro, 4 
999 |c 354856  |d 354854 
952 |0 0  |1 0  |2 ddc  |3 erb  |4 0  |6 CH_862_000000000000000_HEI_1969  |7 0  |8 A  |9 461076  |a BIBART  |b BIBART  |i 5055156  |o Ch862 HEI 1969  |p 5055156  |r 2023-01-11  |w 2019-11-23  |y BK  |z Catalogado en:20140307  |k ART